000 00633nam a22002417a 4500
003 UA-OsUOA
001 78256
007 ta
008 20111005b un ||||| |||| 00| 0 ukr d
100 _aФудель С.И.
090 _a264-4
_bФ94
942 _cBK
040 _aUA-OsUOA
_brus
_cUA-OsUOA
_dUA-OsUOA
245 _aЗаписки о литургии и Церкви
300 _a112 с.
955 _a2
041 _arus
080 _a264-4
020 _a978-5-85887-324-2
260 _aМ.
_bРусский путь
_c2009
650 7 _a26 Християнська Церква загалом
_2UDC
999 _c364568
_d364568